Libro de amigos dedicado al profesor emérito Ítalo Merello.
Na minha lista:
| Autor principal: | |
|---|---|
| Formato: | Livro |
| Idioma: | espanhol |
| Publicado em: |
Valparaíso, Chile:
Ediciones Universitarias de Valparaíso,
2011.
|
| Assuntos: | |
| Tags: |
Adicionar Tag
Sem tags, seja o primeiro a adicionar uma tag!
|
MARC
| LEADER | 00000cam a2200000 a 4500 | ||
|---|---|---|---|
| 001 | UCG6376 | ||
| 003 | CL-VaPUC | ||
| 005 | 20250509120314.0 | ||
| 008 | 110421e20110000CL |||||||||||||||||spa|d | ||
| 999 | |c 344632 |d 344630 | ||
| 020 | |a 978-956-17-0478-7 | ||
| 040 | |c Pontificia Universidad Católica de Valparaíso | ||
| 082 | 0 | 4 | |a 340.54 SAL 2011 |2 21 |
| 100 | |a Salinas Araneda, Carlos René |e autor |9 902664 | ||
| 245 | 1 | 0 | |a Libro de amigos dedicado al profesor emérito Ítalo Merello. |
| 260 | 0 | 3 | |a Valparaíso, Chile: |b Ediciones Universitarias de Valparaíso, |c 2011. |
| 300 | |a 248 páginas. | ||
| 500 | |a c.3 Donación Familia Prof. Alejandro Guzmán Brito. | ||
| 505 | |a Inmisiones y querella de amparo. Contribución a la historia dogmática de un caso de responsabilidad objetiva / Amunátegui Perelló, Carlos Felipe Evolución histórica de la lesión enorme / Andrades Rivas, Eduardo La aplicación del artículo 5 del Código Civil en los discursos de los presidentes de la Corte Suprema desde 1951 a 2010 / Andreucci Aguilera, Rodrigo La expropiación en el Derecho nacionalsocialista: continuidad jurídica y cambio en un régimen totalitario / Brahm García, Enrique La elección presidencial de 1958 y parte de la correspondencia del candidato Jorge Alessandri Rodríguez / Carrasco Delgado, Sergio El Derecho como discurso geopolítico de los imperios coloniales europeos modernos. El caso portugués en la época de las “ordenações” / Carvajal Aravena, Patricio H. La literatura teológico-jurídica utilizada por Justo Donoso en sus “Instituciones de Derecho canónico americano” / Dougnac Rodríguez, Antonio “Se pagarán en moneda de curso legal” / Elgueta Navarro, Berardo La influencia de las normas sobre interpretación de las leyes del “Código” austríaco de 1811 en Italia y América a través de aquellas del “Código” sardo de 1837 / Guzmán Brito, Alejandro La “Constitución” chilena de 1833 como modelo del presidencialismo argentino / Levaggi, Abelardo La competencia jurisdiccional del corregidor chileno frente a la de otros “justicias” durante el siglo XVIII / Lorenzo, Santiago Las observaciones del administrador apostólico de Montevideo, don Ricardo Isasa, a los proyectos parciales del “Código de Derecho Canónico” de 1917 / Salinas Araneda, Carlos El pensamiento jurídico de Juan Egaña a través de sus obras “Cartas pehuenches” y “El chileno consolado en los presidios o Filosofía de la religión” / Westermeyer, Felipe | ||
| 583 | |a last modification |c 20130912 01:14:10 |k Rodrigo Vera | ||
| 650 | 0 | |a Derecho romano |9 255930 | |
| 650 | 0 | |a Historia del derecho |9 255109 | |
| 942 | |c BK |2 ddc |n 0 | ||
| 945 | |d 20110421 00:00:00 |a jcampos | ||
| 952 | |0 0 |1 0 |2 ddc |4 0 |5 1 |6 340_540000000000000_SAL_2011 |7 1 |8 C_LRYV |9 442704 |a BIBDER |b BIBDER |d 2019-11-22 |i 4767861 |o 340.54 SAL 2011 |p 4767861 |r 2023-01-25 |t 1 |w 2019-11-22 |y BK_X |k BRV | ||
| 952 | |0 0 |1 0 |2 ddc |4 0 |6 340_540000000000000_SAL_2011 |7 0 |8 X |9 442705 |a FDOBUD |b FDOBUD |d 2019-11-22 |i 4772458 |o 340.54 SAL 2011 |p 4772458 |r 2019-11-22 |t 2 |w 2019-11-22 |y BK_X |k FHP | ||
| 952 | |0 0 |1 0 |2 ddc |4 0 |6 340_540000000000000_SAL_2011 |7 1 |8 C_AGB |9 581099 |a BIBDER |b BIBDER |d 2022-02-03 |e Donación |i 5644461 |o 340.54 SAL 2011 |p 5644461 |r 2023-01-25 |t 3 |w 2022-02-03 |y BK_US |k AGB | ||